| 000 | 00632cam a2200253 4500 | ||
|---|---|---|---|
| 008 | 090401t1995 xxu||||| |||| 00| 0 eng d | ||
| 020 | _a0721905838 | ||
| 035 | _a(Sirsi) u57970 | ||
| 041 | _aeng | ||
| 050 | _a344.410462 | ||
| 100 | _aGarner, J.F. | ||
| 245 | _aLaw of sewers and drains. | ||
| 250 | _a8th ed. | ||
| 260 |
_aCrayford, Kent _bShaw and Sons Limited _c1995 |
||
| 300 | _alii,276p. ; 22cm. | ||
| 350 | _a24.95 | ||
| 520 | _aSuperseded by ninth edition. (ISBN 0721905846). | ||
| 650 | _aDRAINAGE | ||
| 650 | _aWATER | ||
| 690 | _aWATER | ||
| 700 | _aBailey, S. H. | ||
| 942 | _n0 | ||
| 948 | _c04/03/1997 | ||
| 999 |
_c94003 _d94003 |
||